01291nam a2200361Ia 450000500170000000700030001700800410002002000180006104000350007904100130011408400110012710000300013824500820016825000220025026400460027230000530031833600270037133700330039833800280043152100630045953400210052254500560054365000480059965000460064765000360069365000280072965000290075765000340078665000310082070000480085194200150089999900150091420220317000307.0ta210827s20092017sp a0 sbr s 01dspa d a9788493750626 aCO-BoRNBPbspaerdacCO-BoRNBP1 aspaheng aA LIA11 aLiao, Jimmyd1958-eautor13aLa noche estrelladacJimmy Liao ; traducido del chino Jordi Ainaud i Escudero aPrimera edición 1aMadridbBarbara Fiore Editorac2009c2017 a[94] páginas sin numerarbilustracionesc26 cm atextobtxt2rdacontent asin mediaciónbn2rdamedia avolumenbnc2rdacarrier aRecomendado para un público infantil mayor de 9 años  tThe starry night aIncluye datos biográficos del autor en la solapa 17aÁlbumes infantiles chinosySiglo XX2LEMB17aLiteratura infantil chinaySiglo XX2LEMB17aAutores chinos ySiglo XX2LEMB17aPintoresyÁlbum2LEMB17aEstrellasvÁlbum2LEMB17aImaginación vÁlbum2LEMB17aFantasía vÁlbum2LEMB1 aAinaud i Escudero, Jordietraductor9185742 2loccBKLIT c3647d3647